000 00477nam a22002057a 4500
003 LK-CoDNM
005 20250205131904.0
008 250131b |||||||| |||| 00| 0 eng d
040 _aLK-CoDNM
_dLK-CoDNM
_eLK-CoDNM
041 _aeng
080 _a81
100 _aDAVIDSON,STANLEY
245 _aMDICINE
_bNo.17
250 _aTHIRD
260 _aLONDON
_bLIVINGSTON
_c1956
300 _a1076P. : ill ; 24 cm
490 _vpart 2
650 _ascience
942 _cBK
999 _c237781
_d237781